Proyecciones 2011: (Registro nro. 11764)
[ vista simple ]
| 000 -LEADER | |
|---|---|
| fixed length control field | 01549nam a2200253Ia 4500 |
| 003 - CONTROL NUMBER IDENTIFIER | |
| control field | OSt |
| 005 - DATE AND TIME OF LATEST TRANSACTION | |
| control field | 20210531121816.0 |
| 008 - FIXED-LENGTH DATA ELEMENTS--GENERAL INFORMATION | |
| fixed length control field | 210310s2010 ck ad 000 0 spa d |
| 040 ## - CATALOGING SOURCE | |
| Original cataloging agency | CO-JMCR |
| Transcribing agency | CO-JMCR |
| 041 0# - LANGUAGE CODE | |
| Language code of text/sound track or separate title | spa |
| 082 04 - DEWEY DECIMAL CLASSIFICATION NUMBER | |
| Item number | 338.17 / |
| Classification number | C797p |
| Edition number | 23 |
| 110 2# - MAIN ENTRY--CORPORATE NAME | |
| Corporate name or jurisdiction name as entry element | Corporación Financiera Colombiana |
| 9 (RLIN) | 38020 |
| 245 10 - TITLE STATEMENT | |
| Title | Proyecciones 2011: |
| Remainder of title | Tsunami de dólares / |
| Statement of responsibility, etc. | Corporación Financiera Colombiana |
| 260 ## - PUBLICATION, DISTRIBUTION, ETC. | |
| Place of publication, distribution, etc. | Bogotá : |
| Name of publisher, distributor, etc. | Corficolombiana, |
| Date of publication, distribution, etc. | 2010. |
| 300 ## - PHYSICAL DESCRIPTION | |
| Extent | 81 páginas : |
| Other physical details | ilustraciones y gráficas en blanco y negro ; |
| Dimensions | 28 cm. |
| 440 ## - SERIES STATEMENT/ADDED ENTRY--TITLE | |
| Title | 0 |
| 9 (RLIN) | 26386 |
| 501 ## - WITH NOTE | |
| With note | Con: notas a pie de página. |
| 505 0# - FORMATTED CONTENTS NOTE | |
| Formatted contents note | Recuadro: QE"- entrando en terreno desconocido. -- Proyecciones macroeconómicas: consolidación de la recuperación. -- Sector financiero: consolidación de la cartera y restricciones de liquidez. -- Inflación y política monetaria: presiones al alza. -- Posición fiscal: el ruido fiscal de 2011. -- Mercado cambiario: Tsunami de dólares. -- Recuadro: intervenciones cambiarias a nivel global. -- Recuadro: el reto de los flujos de inversión. -- Mercado de deuda: disminuye el apetito en 2011. -- Recuadro: diferencia entre TES globales y locales. -- Mercado de renta variable: apoyado por la liquidez externa. |
| 650 24 - SUBJECT ADDED ENTRY--TOPICAL TERM | |
| Topical term or geographic name entry element | Comercio de productos agrícolas |
| General subdivision | Proyecciones |
| Chronological subdivision | 2011-2020 |
| 9 (RLIN) | 26387 |
| 650 24 - SUBJECT ADDED ENTRY--TOPICAL TERM | |
| Topical term or geographic name entry element | Agricultura |
| General subdivision | Aspectos económicos |
| Form subdivision | Productos básicos |
| 9 (RLIN) | 38025 |
| 650 24 - SUBJECT ADDED ENTRY--TOPICAL TERM | |
| Topical term or geographic name entry element | Comercio |
| General subdivision | Proyecciones |
| Chronological subdivision | 2011-2020 |
| 9 (RLIN) | 38026 |
| 650 24 - SUBJECT ADDED ENTRY--TOPICAL TERM | |
| Topical term or geographic name entry element | Productos pecuarios |
| General subdivision | Proyecciones |
| Chronological subdivision | 2011-2020 |
| 9 (RLIN) | 38027 |
| 942 ## - ADDED ENTRY ELEMENTS (KOHA) | |
| Source of classification or shelving scheme | Dewey Decimal Classification |
| Koha item type | Books |
| Withdrawn status | Lost status | Source of classification or shelving scheme | Damaged status | Not for loan | Home library | Current library | Shelving location | Date acquired | Source of acquisition | Full call number | Barcode | Date last seen | Copy number | Price effective from | Koha item type |
|---|---|---|---|---|---|---|---|---|---|---|---|---|---|---|---|
| Dewey Decimal Classification | Biblioteca Pública José María del Castillo y Rada | Biblioteca Pública José María del Castillo y Rada | General Stacks | 04/15/2018 | Donación | 338.17 / C797p | 430002733 | 05/16/2024 | Ej.1 | 03/10/2021 | Books |